History Quiz

Random History or Letter Quiz
Score 0/26 Timer 05:00
2 Plays Today
Letter Answer % Correct
EThomas Alva Edison
91.8%
KKu Klux Klan
90.3%
BBay of Pigs Invasion
89.2%
QQuincy
83%
ASusan B. Anthony
79.6%
UUnder God
77.8%
WWhigs
75.7%
IInternment Camps
71.5%
OOklahoma
71.2%
HHoovervilles
69.4%
TTet Offensive
68.5%
FFederalist Papers
66.9%
DFrederick Douglass
63.9%
Letter Answer % Correct
MDouglas MacArthur
59.5%
LLittle Rock
52.7%
PPanama Canal
52.7%
VCornelius Vanderbilt
51.4%
RRosenbergs
50.8%
YYellow Journalism
47.7%
XXYZ Affair
43.4%
SSeward's Folly
41%
JJazz Age
39.4%
CHenry Clay
38.4%
ZZimmermann Telegram
30.9%
GGadsden Purchase
25.4%
NNez Perce
24%
Remove Ads.
Support Sporcle.
Get the best of Sporcle when you Go Orange. This ad-free experience offers more features, more stats, and more fun while also helping to support Sporcle. Thank you for becoming a member.

You're not logged in!

Compare scores with friends on all Sporcle quizzes.
OR
Log In

Sporcle TV

Today on Sporcle TV


Watch our educational content, quiz creation guides, and fun videos on Sporcle TV.

Show Comments

Extras

Top Quizzes Today


Score Distribution

Paid Content

Your Account Isn't Verified!

In order to create a playlist on Sporcle, you need to verify the email address you used during registration. Go to your Sporcle Settings to finish the process.

Report this User

Report this user for behavior that violates our Community Guidelines.

Details: